Science Quiz

Random Science or Physics Quiz

SI Unit Scientists Picture Click Quiz Stats

 Plays Quiz Updated Jul 11, 2016

Score 0/15 Timer 05:00
0 Plays Today
% Correct
Newton N
88.8%
Kelvin K
86.9%
Hertz Hz
80.8%
Tesla T
76%
Joule J
76%
Ohm Ω
74.8%
Watt W
73.1%
Pascal Pa
71.3%
% Correct
Ampere A
66.9%
Becquerel Bq
64.5%
Coulomb C
59.2%
Weber Wb
58.5%
Siemens S
53.8%
Volt V
47.6%
Farad F
45.8%

You're not logged in!

Compare scores with friends on all Sporcle quizzes.
OR
Log In

Show Comments

Extras

Top Quizzes Today


Score Distribution

Your Account Isn't Verified!

In order to create a playlist on Sporcle, you need to verify the email address you used during registration. Go to your Sporcle Settings to finish the process.

Report this User

Report this user for behavior that violates our Community Guidelines.

Details: